000
00240nam a2200097Ia 4500
008
230508s1999 xx 000 0 und d
041
_a
eng
100
_a
SAY M.G.
245
_a
THE PERFORMANCE & DESIGN OF ALTERNETING
260
_b
C.B.S.
_c
1999
999
_c
336034
_d
336034